000 00792nam a2200253Ia 4500
001 21759
005 20260320113310.0
008 260320s9999||||xx |||||||||||||| ||und||
020 _a9780470936870
041 _aING
082 _a621.38275
_bH74
100 _aHood, Dave,
_eAUT
245 0 _aGigabit-capable passive optical networks
_b
246 _a
_5
_b
260 _aHoboken :
_bJohn Wiley & Sons,
_c2012
300 _axi, 431 páginas :
_bfiguras, tablas ;
_c24 cm.
_e
440 _a
_n
_v
650 _aTCA
653 _aIngeniería de comunicaciones; Comunicación por fibra óptima
654 _aCET
700 _a
_c
856 _uhttps://login.ucsp.lookproxy.com/login?url=https://ieeexplore.ieee.org/
_zVéase además: Base de datos IEEE Xplore
942 _cLIB
_dJUS
_fTRC
_2ddc
_n
999 _c21759
_d21759